Лазерная дезактивация поверхностей твэлов; Физико-технические проблемы в науке, промышленности и медицине. Российский и международный опыт подготовки кадров

Bibliographic Details
Parent link:Физико-технические проблемы в науке, промышленности и медицине. Российский и международный опыт подготовки кадров.— 2020.— [С. 59-60]
Corporate Author: Национальный исследовательский Томский политехнический университет Инженерная школа ядерных технологий Отделение ядерно-топливного цикла
Other Authors: Хан В. А. Валерий Алексеевич, Мышкин В. Ф. Вячеслав Фёдорович, Хорохорин Д. М., Кузнецов М. С. Михаил Сергеевич
Summary:Заглавие с экрана
Language:Russian
Published: 2020
Subjects:
Online Access:http://earchive.tpu.ru/handle/11683/63226
Format: MixedMaterials Electronic Book Chapter
KOHA link:https://koha.lib.tpu.ru/cgi-bin/koha/opac-detail.pl?biblionumber=632116

MARC

LEADER 00000naa2a2200000 4500
001 632116
005 20240125111312.0
035 |a (RuTPU)RU\TPU\conf\33817 
035 |a RU\TPU\conf\33816 
090 |a 632116 
100 |a 20201009d2020 k y0rusy50 ca 
101 0 |a rus 
102 |a RU 
105 |a y z 101zy 
135 |a drgn ---uucaa 
181 0 |a i  
182 0 |a b 
200 1 |a Лазерная дезактивация поверхностей твэлов  |f В. А. Хан, В. Ф. Мышкин, Д. М. Хорохорин, М. С. Кузнецов 
203 |a Текст  |c электронный 
300 |a Заглавие с экрана 
338 |b Российский фонд фундаментальных исследований  |d 16-08-0024616 
463 0 |0 (RuTPU)RU\TPU\conf\33533  |t Физико-технические проблемы в науке, промышленности и медицине. Российский и международный опыт подготовки кадров  |o сборник научных трудов X Международной научно-практической конференции, г. Томск, 09 – 11 сентября 2020 г.  |f Национальный исследовательский Томский политехнический университет, Инженерная школа ядерных технологий ; Российский фонд фундаментальных исследований ; ред. кол. И. В. Шаманин, В. П. Кривобоков, А. Г. Горюнов, В. А. Карелин  |v [С. 59-60]  |d 2020 
610 1 |a труды учёных ТПУ 
610 1 |a электронный ресурс 
610 1 |a лазерная дезактивация 
610 1 |a поверхности 
610 1 |a твелы 
610 1 |a ядерные реакторы 
610 1 |a МОКС-топливо 
701 1 |a Хан  |b В. А.  |c физик  |c доцент Томского политехнического университета, доктор технических наук  |f 1952-  |g Валерий Алексеевич  |3 (RuTPU)RU\TPU\pers\31144  |9 15340 
701 1 |a Мышкин  |b В. Ф.  |c физик  |c профессор Томского политехнического университета, доктор физико-математических наук  |f 1962-  |g Вячеслав Фёдорович  |3 (RuTPU)RU\TPU\pers\26858  |9 12476 
701 1 |a Хорохорин  |b Д. М. 
701 1 |a Кузнецов  |b М. С.  |c физик  |c доцент Томского политехнического университета, кандидат технических наук  |f 1984-  |g Михаил Сергеевич  |3 (RuTPU)RU\TPU\pers\30070  |9 14490 
712 0 2 |a Национальный исследовательский Томский политехнический университет  |b Инженерная школа ядерных технологий  |b Отделение ядерно-топливного цикла  |3 (RuTPU)RU\TPU\col\23554 
801 2 |a RU  |b 63413507  |c 20201102  |g RCR 
856 4 |u http://earchive.tpu.ru/handle/11683/63226 
942 |c BK